000 01040nam a2200301 a 4500
001 vtls001617586
003 NLI
005 20210628133905.0
008 121214s1921 ii 000 1 hin
039 9 _y201212141924
_zVLOAD
040 _aNLI
_bhineng
_cDatasoft_Hindi
_eAACR2
041 0 _ahin
044 _a ii
084 0 4 _a181
100 1 _6880-01
_aझा, जगदीश
_q(विमल)
_9692991
245 1 0 _6880-02
_aखरा सोना /
_cजगदीश झा
260 _aकलकत्ता :
_bमहादेवप्रसाद भुझनवाला,
_c1921
300 _a150 p. ;
_c18 cm.
650 0 _aHindi fiction
_9685022
880 1 _6100-01(B
_aJhā, Jagadīśa
_q(Vimala)
880 1 0 _6245-02(B
_aKharā sona /
_cJagadīśa Jhā
887 _a Chittojit/16.04.2012(Shagufta Jabeen)
901 _aIMP1411
_b16.04.2012
902 _a181 QC 92.41
904 _cChittojit/16.04.2012(Shagufta Jabeen)
_lO 4616
949 _AVIRTUAITEM
_D10000
_X100
_6IMP000001411HIN
942 _2ddc
_cBKS
999 _aVIRTUA40
_c1069003
_d1069003